[Event "21st Czech GM Open"]
[Site "Pardubice CZE"]
[Date "2010.07.25"]
[Round "3"]
[White "Geske,J"]
[Black "Durarbeyli,V"]
[Result "1/2-1/2"]
[WhiteElo "2348"]
[BlackElo "2501"]
[EventDate "2010.07.23"]

1. e4 c5 2. Nf3 d6 3. d4 cxd4 4. Nxd4 Nf6 5. Nc3 Nc6 6. Bc4 Bd7 7. Bb3 g6
8. O-O Bg7 9. Re1 Nxd4 10. Qxd4 O-O 11. Bg5 h6 12. Bh4 Bc6 13. Qd2 Kh7 14.
Nd5 Bxd5 15. exd5 a5 16. a4 Rc8 17. Rad1 Re8 18. Bxf6 Bxf6 19. c4 Qb6 20.
Qc2 Qb4 21. Re2 Rc5 22. Ba2 Rec8 23. b3 b5 24. axb5 Rxb5 25. Re4 Qa3 26.
Re3 Rb4 27. Bb1 a4 28. bxa4 Qxa4 29. Qxa4 Rxa4 30. Bd3 Rb8 31. Bf1 Kg7 32.
Ree1 Ra2 33. Re2 Ra4 34. Ree1 Rb2 35. Re2 Rb7 36. Re3 Kf8 37. Re2 h5 38.
Rc2 Rb3 39. Re2 Ke8 40. Re3 Rxe3 41. fxe3 Ra2 42. Re1 h4 43. Re2 Ra1 44. g3
Rc1 45. Ra2 Bg5 46. Ra3 Kf8 47. Kf2 Kg7 48. Be2 Kf6 49. Bd3 Ke5 50. Ra2 Rh1
51. Kf3 Re1 52. Re2 Rd1 53. Bc2 Rh1 54. Bd3 Bf6 55. Rf2 Rc1 56. Ke2 hxg3
57. hxg3 Rg1 58. Rf4 Bg5 59. Rxf7 Rxg3 60. Bxg6 Rxe3+ 61. Kf2 Kd4 62. Bf5
Bh4+ 63. Kg2 Kxc4 64. Be6 Bf6 65. Rf8 Kd4 66. Ra8 Ke4 67. Ra2 Bd4 68. Rf2
Ra3 69. Rf1 Ra2+ 70. Kh3 Be3 71. Kg3 Re2 72. Bg4 Rd2 73. Be6 Rxd5 74. Bxd5+
Kxd5 75. Kf3 Bd4 76. Rh1 e5 77. Rh5 Kc4 78. Rh1 d5 79. Ke2 Bb2 80. Rh8 e4
81. Rc8+ Kd4 82. Re8 Bc1 83. Re6 Bg5 84. Rg6 Bf4 85. Re6 Kc5 86. Rf6 Bc7
87. Re6 Kd4 88. Re7 Bb6 89. Re6 Kc5 90. Ke3 Kb5+ 91. Kf4 e3 92. Rxb6+ Kxb6
93. Kxe3 Kc5 94. Kd3 1/2-1/2

[Event "21st Czech GM Open"]
[Site "Pardubice CZE"]
[Date "2010.07.25"]
[Round "3"]
[White "Miron,L"]
[Black "Wichmann,C"]
[Result "1-0"]
[WhiteElo "2497"]
[BlackElo "2347"]
[EventDate "2010.07.23"]

1. d4 Nf6 2. c4 c5 3. d5 d6 4. Nc3 g6 5. g3 Bg7 6. Bg2 O-O 7. Nf3 Na6 8.
O-O Nc7 9. a4 e6 10. e4 exd5 11. cxd5 Bg4 12. Bf4 Rb8 13. Qc1 b5 14. Nd2
Nh5 15. Be3 b4 16. Nd1 Bxd1 17. Rxd1 f5 18. Nc4 fxe4 19. Bxe4 Nf6 20. Bg2
Ng4 21. Bg5 Bf6 22. Bxf6 Qxf6 23. Qd2 Rbe8 24. Re1 Kg7 25. Qf4 Qxf4 26.
gxf4 Nf6 27. Nxd6 Rxe1+ 28. Rxe1 Ncxd5 29. f5 gxf5 30. Nxf5+ Kg6 31. Re5
Nb6 32. Ne7+ Kf7 33. Nc6 Nxa4 34. b3 Nc3 35. Rxc5 Re8 36. Bf3 Re1+ 37. Kg2
Rb1 38. Nd4 Ra1 39. h4 Ra2 40. Rc7+ Kg6 41. Rc6 Kf7 42. Kg3 a5 43. Kf4 Rxf2
44. Kf5 Nd7 45. Kg5 Ne5 46. Rf6+ Kg8 47. Bd5+ Nxd5 48. Rxf2 h6+ 49. Kf5 Nd3
50. Ra2 Ne7+ 51. Kf6 Nd5+ 52. Kg6 Ne5+ 53. Kf5 Nf7 54. Rxa5 1-0

[Event "21st Czech GM Open"]
[Site "Pardubice CZE"]
[Date "2010.07.25"]
[Round "3"]
[White "Lalic,B"]
[Black "Vrana,J"]
[Result "1-0"]
[WhiteElo "2491"]
[BlackElo "2346"]
[EventDate "2010.07.23"]

1. d4 d5 2. c4 e6 3. Nc3 Nf6 4. Nf3 Be7 5. Bf4 O-O 6. e3 c5 7. dxc5 Bxc5 8.
Qc2 Nc6 9. a3 Re8 10. Bg3 Qa5 11. Nd2 Bf8 12. Be2 Qb6 13. Nf3 Bd7 14. O-O
dxc4 15. Bxc4 Rac8 16. Rfd1 Red8 17. Bd3 h6 18. Nd2 e5 19. Nde4 Nxe4 20.
Bxe4 Qc5 21. Bh4 g5 22. Bg3 Bg7 23. Bh7+ Kh8 24. Bf5 Qe7 25. f3 Be6 26. Qe4
Qf6 27. Bg4 Bxg4 28. fxg4 Qe6 29. h3 a5 30. Qa4 e4 31. Qb5 Bxc3 32. bxc3
Qe7 33. Rab1 Rxd1+ 34. Rxd1 Kg8 35. Rd6 Ne5 36. Qxe5 1-0

[Event "21st Czech GM Open"]
[Site "Pardubice CZE"]
[Date "2010.07.25"]
[Round "3"]
[White "Nilsson,S"]
[Black "Rasik,V"]
[Result "1/2-1/2"]
[WhiteElo "2342"]
[BlackElo "2491"]
[EventDate "2010.07.23"]

1. e4 c5 2. Nf3 e6 3. d4 cxd4 4. Nxd4 Nf6 5. Nc3 d6 6. Bc4 a6 7. O-O Be7 8.
Bb3 O-O 9. f4 b5 10. Be3 b4 11. Na4 Bb7 12. e5 Nd5 13. Bxd5 Bxd5 14. Nf5
Nd7 15. c4 Bxc4 16. Nxe7+ Qxe7 17. exd6 Qd8 18. Rf2 Bb5 19. Rc1 Nf6 20. Nc5
Nd5 21. Bd4 Qxd6 22. Qg4 g6 23. Rd1 f5 24. Qf3 Rac8 25. Nb3 Ba4 26. h3 Rfd8
27. Be5 Qb6 28. Bd4 Qd6 29. Be5 Qb6 30. Bd4 Qd6 1/2-1/2

[Event "21st Czech GM Open"]
[Site "Pardubice CZE"]
[Date "2010.07.25"]
[Round "3"]
[White "Radovanovic,J"]
[Black "Cvek,R"]
[Result "0-1"]
[WhiteElo "2329"]
[BlackElo "2473"]
[EventDate "2010.07.23"]

1. c4 c5 2. g3 g6 3. Bg2 Bg7 4. Nc3 Nc6 5. e3 d6 6. Nge2 Nf6 7. O-O O-O 8.
b3 Bd7 9. h3 a6 10. d4 Rb8 11. dxc5 dxc5 12. Bb2 Qc8 13. Nf4 e5 14. Ncd5
Nxd5 15. cxd5 exf4 16. Bxg7 Kxg7 17. dxc6 Bxc6 18. gxf4 Rd8 19. Qc2 Bxg2
20. Kxg2 Qc6+ 21. Kg3 Rd5 22. Rad1 Rbd8 23. Rxd5 Rxd5 24. f3 Qd6 25. Rf2 b5
26. Qe4 Rh5 27. h4 Qd1 28. Qe7 h6 29. e4 Qg1+ 30. Rg2 Qe1+ 31. Rf2 Rd5 32.
f5 Rxf5 33. Qd6 Rh5 34. Qd2 Qxd2 35. Rxd2 c4 36. bxc4 bxc4 37. Rc2 Rc5 38.
Kf2 c3 39. a3 Kf6 40. Ke3 g5 41. hxg5+ hxg5 42. Kd4 Rc8 43. Kd5 Rd8+ 44.
Kc6 Ke5 45. Kb7 Kd4 46. Rc1 Kc4 47. Kxa6 Kb3 0-1

[Event "21st Czech GM Open"]
[Site "Pardubice CZE"]
[Date "2010.07.25"]
[Round "3"]
[White "Lorscheid,G"]
[Black "Salem,AR"]
[Result "0-1"]
[WhiteElo "2326"]
[BlackElo "2469"]
[EventDate "2010.07.23"]

1. d4 Nf6 2. c4 g6 3. Nc3 d5 4. Bg5 Ne4 5. Bh4 Nxc3 6. bxc3 dxc4 7. e3 Be6
8. Nf3 Bg7 9. Qb1 c5 10. Qxb7 O-O 11. Bxe7 Qa5 12. Rc1 Nd7 13. Bxf8 Rxf8
14. Qb2 Rb8 15. Qa1 cxd4 16. Nxd4 Bd5 17. f3 f5 18. Kf2 Nc5 19. Be2 Qc7 20.
g3 Bh6 21. Rhe1 Qe7 22. Bf1 Re8 23. Rcd1 Bxe3+ 24. Kg2 Qb7 25. Qb1 Qa8 26.
Qb5 Rb8 27. Qxb8+ Qxb8 28. Rxe3 Qb2+ 29. Kg1 Bf7 30. Nc6 Na4 31. Ne5 Qb6
32. Nxc4 Qc5 33. Rd4 Nxc3 34. Rd8+ Kg7 35. Kh1 Na4 36. Rd7 Nb6 0-1

[Event "21st Czech GM Open"]
[Site "Pardubice CZE"]
[Date "2010.07.25"]
[Round "3"]
[White "Michiels,B"]
[Black "Ortmann,D"]
[Result "1-0"]
[WhiteElo "2460"]
[BlackElo "2340"]
[EventDate "2010.07.23"]

1. e4 e6 2. d4 d5 3. Nc3 Bb4 4. e5 c5 5. a3 Bxc3+ 6. bxc3 Ne7 7. Qg4 O-O 8.
Bd3 f5 9. exf6 Rxf6 10. Bg5 Rf7 11. Qh5 g6 12. Qd1 e5 13. dxe5 Nbc6 14. Nf3
Bg4 15. Be2 Qc7 16. O-O Bxf3 17. Bxf3 Qxe5 18. Qd2 d4 19. Rfe1 Qg7 20. c4
Rb8 21. Rab1 b6 22. Re6 Ne5 23. Bh6 Nxc4 24. Qc1 Qh8 25. Rxe7 Rxf3 26. gxf3
1-0

[Event "21st Czech GM Open"]
[Site "Pardubice CZE"]
[Date "2010.07.25"]
[Round "3"]
[White "Feher,Ad"]
[Black "Popilski,G"]
[Result "1-0"]
[WhiteElo "2319"]
[BlackElo "2451"]
[EventDate "2010.07.23"]

1. e4 c5 2. Nf3 e6 3. d4 cxd4 4. Nxd4 a6 5. Nc3 Qc7 6. Bd3 Nf6 7. f4 d6 8.
Qf3 b5 9. g4 Bb7 10. g5 Nfd7 11. O-O g6 12. f5 Ne5 13. Qh3 b4 14. Nce2 exf5
15. exf5 gxf5 16. Bd2 Nbd7 17. a3 b3 18. Bxf5 O-O-O 19. cxb3 Kb8 20. Rac1
Qb6 21. Be3 Ka8 22. Nc6 Qxc6 23. Rxc6 Bxc6 24. Rc1 Bb7 25. Rc7 Nb8 26. Nd4
Bg7 27. Qf1 Rhe8 28. Bf2 Ng6 29. Bxg6 hxg6 30. Rxf7 Be5 31. Nf3 Bxb2 32.
Qb1 Bxa3 33. Qxg6 Bc5 34. Qg7 Re2 35. Nd4 Nc6 36. Nxe2 1-0

[Event "21st Czech GM Open"]
[Site "Pardubice CZE"]
[Date "2010.07.25"]
[Round "3"]
[White "Baryshpolets,A"]
[Black "Raznikov,D"]
[Result "1-0"]
[WhiteElo "2450"]
[BlackElo "2326"]
[EventDate "2010.07.23"]

1. d4 d5 2. c4 c6 3. Nf3 Nf6 4. Nc3 dxc4 5. a4 e6 6. e3 c5 7. Bxc4 Nc6 8.
O-O cxd4 9. exd4 Be7 10. Re1 O-O 11. Bf4 Nb4 12. Ne5 Nfd5 13. Bg3 Bf6 14.
a5 g6 15. Qb3 Bg7 16. Ra4 Nxc3 17. bxc3 Nd5 18. Raa1 Ne7 19. Be2 Nf5 20.
Bf4 Qd5 21. Bc4 Qd8 22. Be2 Qd5 23. Qb2 Nh4 24. Nf3 Nf5 25. Bd3 Qd8 26. a6
b6 27. Be4 Bd7 28. Bb7 Rc8 29. Bxc8 Qxc8 30. Ne5 Be8 31. Qb4 g5 32. Bg3 Qa8
33. f3 h5 34. Bf2 Kh8 35. Nc4 Rg8 36. Ne3 Bf8 37. Qb2 Nh4 38. c4 Bg7 39.
Rad1 Bc6 40. Bxh4 gxh4 41. Qf2 Bf6 42. d5 Ba4 43. dxe6 fxe6 44. Rd6 Qc8 45.
Nd5 exd5 46. Rxf6 1-0

[Event "21st Czech GM Open"]
[Site "Pardubice CZE"]
[Date "2010.07.25"]
[Round "3"]
[White "Klovans,J"]
[Black "Bakalarz,M"]
[Result "1-0"]
[WhiteElo "2444"]
[BlackElo "2324"]
[EventDate "2010.07.23"]

1. e4 d5 2. exd5 c6 3. dxc6 Nxc6 4. Nf3 e5 5. Bb5 Bd6 6. O-O Nf6 7. Re1 O-O
8. Bxc6 bxc6 9. d3 Re8 10. Nbd2 Bc7 11. Nc4 Qd5 12. b3 Bb7 13. Bb2 Nd7 14.
d4 e4 15. Nfe5 Nxe5 16. dxe5 Re6 17. Qe2 c5 18. Rad1 Qc6 19. Qe3 Rae8 20.
Rd2 f5 21. exf6 gxf6 22. Red1 R8e7 23. Bc3 Ba6 24. Rd5 Qe8 25. Nd6 Qg6 26.
Nf5 Re8 27. Rd7 Bxh2+ 28. Kxh2 Qxf5 29. Qh6 Qg6 30. Qxg6+ hxg6 31. Rxa7 Bc8
32. Rc7 g5 1-0

[Event "21st Czech GM Open"]
[Site "Pardubice CZE"]
[Date "2010.07.25"]
[Round "3"]
[White "Baron,Ta"]
[Black "Szablowski,P"]
[Result "1/2-1/2"]
[WhiteElo "2438"]
[BlackElo "2321"]
[EventDate "2010.07.23"]

1. d4 Nf6 2. c4 c5 3. d5 e5 4. Nc3 d6 5. e4 Nbd7 6. g3 Be7 7. Bg2 O-O 8.
Nge2 Re8 9. O-O Nf8 10. h3 a6 11. Be3 Ng6 12. a4 h5 13. Nc1 h4 14. a5 Nd7
15. Nd3 Bg5 16. Bxg5 Qxg5 17. f4 exf4 18. gxf4 Qh6 19. Qf3 Nf6 20. Rae1 Nh5
21. Na4 Ng3 22. Rf2 Bd7 23. Nb6 Rad8 24. Kh2 Nf8 25. Re3 Re7 26. b4 cxb4
27. c5 dxc5 28. Nxc5 Bb5 29. e5 Rc7 30. Rc2 Nf5 31. Re4 Nd7 32. Nbxd7 Bxd7
33. d6 Rcc8 34. Rxb4 Bc6 35. Qd3 Qg6 36. Bxc6 Qg3+ 37. Qxg3 hxg3+ 38. Kg1
Rxc6 39. Rxb7 Ne3 40. Rc1 Nd5 41. f5 Nf4 42. Rc4 Nd3 43. Rc7 Nxe5 44. Rxc6
Nxc6 45. Nb7 Nxa5 46. Nxa5 Rxd6 47. Kg2 Rd3 48. Rg4 Kf8 49. Nc6 Rc3 50. Nd4
Rd3 51. Nf3 Rd5 52. Nh4 a5 53. Kxg3 Rb5 54. Re4 Rb3+ 55. Kg2 Rb4 56. Rg4
Rxg4+ 57. hxg4 a4 58. Nf3 a3 59. Nd4 a2 60. Nc2 Ke7 61. Kf3 Kf6 62. Kf4 Ke7
63. Ke5 f6+ 64. Kd5 Kd7 65. Na1 Ke7 66. Kc6 Kf7 67. Kd6 Kg8 68. Kd5 Kh7 69.
Ke6 Kh6 70. Kf7 Kh7 71. Nb3 Kh8 72. Kg6 Kg8 73. Na1 Kh8 74. Kh5 Kh7 75. Kh4
Kh6 76. Kg3 Kg5 77. Kf3 Kh6 78. Kf4 Kh7 79. Ke4 Kh6 80. Nb3 Kg5 81. Kf3 Kh6
82. Kf4 Kh7 83. g5 fxg5+ 84. Kxg5 Kg8 85. Kg6 Kf8 86. f6 gxf6 87. Kxf6
1/2-1/2

[Event "21st Czech GM Open"]
[Site "Pardubice CZE"]
[Date "2010.07.25"]
[Round "3"]
[White "Breder,D"]
[Black "Kersten,U"]
[Result "1/2-1/2"]
[WhiteElo "2429"]
[BlackElo "2319"]
[EventDate "2010.07.23"]

1. e4 c5 2. Nf3 e6 3. c3 d5 4. exd5 exd5 5. d4 Nc6 6. Bb5 Bd6 7. dxc5 Bxc5
8. O-O Nf6 9. Bg5 Be6 10. Nd4 Rc8 11. Qf3 O-O 12. Bxc6 bxc6 13. Nd2 Be7 14.
Nxe6 fxe6 15. Qe2 Qd7 16. Rae1 Kf7 17. Nf3 Bd6 18. Ne5+ Bxe5 19. Qxe5 Rce8
20. f3 c5 21. Re2 Qc6 22. Bf4 Rc8 23. Rfe1 Rfe8 24. Qg5 Nd7 25. Be5 Nxe5
26. Rxe5 Rcd8 27. Qf4+ Kg8 28. Qg4 Rd6 29. Qh5 Rc8 30. Qg4 Re8 31. Qh5 Rc8
32. Qh3 Re8 33. Qh5 1/2-1/2

[Event "21st Czech GM Open"]
[Site "Pardubice CZE"]
[Date "2010.07.25"]
[Round "3"]
[White "Graf,F"]
[Black "Haimovich,T"]
[Result "1/2-1/2"]
[WhiteElo "2320"]
[BlackElo "2427"]
[EventDate "2010.07.23"]

1. d4 Nf6 2. c4 e6 3. Nf3 d5 4. Nc3 Be7 5. Bg5 h6 6. Bh4 O-O 7. e3 Ne4 8.
Bxe7 Qxe7 9. Qc2 c6 10. Be2 Nd7 11. O-O Nxc3 12. Qxc3 dxc4 13. Bxc4 b6 14.
Be2 Bb7 15. b4 a5 16. Rfb1 axb4 17. Qxb4 Qxb4 18. Rxb4 Ra5 19. Nd2 Rfa8 20.
Rb2 Ba6 21. Bf3 Rc8 22. Rc1 c5 23. Rbc2 Ra4 24. Ne4 Bd3 25. Rb2 Bxe4 26.
Bxe4 Kf8 27. Kf1 Ke7 28. Rc3 e5 29. Bf5 exd4 30. exd4 Rxd4 31. Bxd7 Rxd7
32. Rxb6 Re8 1/2-1/2

[Event "21st Czech GM Open"]
[Site "Pardubice CZE"]
[Date "2010.07.25"]
[Round "3"]
[White "Shumilov,I"]
[Black "Babula,V"]
[Result "1-0"]
[WhiteElo "2284"]
[BlackElo "2533"]
[EventDate "2010.07.23"]

1. d4 Nf6 2. Nf3 e6 3. e3 c5 4. Bd3 Nc6 5. c3 d5 6. Nbd2 Qc7 7. O-O Be7 8.
dxc5 Bxc5 9. e4 O-O 10. Qe2 h6 11. Bc2 Bb6 12. Kh1 a6 13. h3 Bd7 14. e5 Nh7
15. Nb3 f6 16. Qd3 f5 17. Be3 Rf7 18. Rfe1 Nf8 19. Rac1 Ng6 20. Bxb6 Qxb6
21. Qd2 Rc8 22. Bb1 Be8 23. Kg1 Rfc7 24. Re3 a5 25. Nbd4 Nb8 26. Ne1 Na6
27. Nd3 Rf7 28. Rce1 Rf8 29. g4 fxg4 30. Rg3 gxh3 31. Kh1 Rc4 32. Reg1 Rxd4
33. cxd4 Qxd4 34. Rg4 Qb6 35. Rxg6 Bxg6 36. Rxg6 Kf7 37. Qf4+ 1-0

[Event "21st Czech GM Open"]
[Site "Pardubice CZE"]
[Date "2010.07.25"]
[Round "3"]
[White "Jansa,Vl"]
[Black "Overbeck,T"]
[Result "1-0"]
[WhiteElo "2524"]
[BlackElo "2308"]
[EventDate "2010.07.23"]

1. e4 e5 2. Nf3 Nf6 3. d4 Nxe4 4. Bd3 d5 5. dxe5 Nc5 6. Nc3 Nxd3+ 7. Qxd3
c6 8. Nd4 Na6 9. O-O Bc5 10. Be3 O-O 11. Rae1 f6 12. Nb3 Bxe3 13. Qxe3 fxe5
14. Qxe5 Bd7 15. Nd4 Qf6 16. Qxf6 Rxf6 17. a3 Re8 18. b4 Nc7 19. f3 Rf4 20.
Nce2 Rf7 21. Kf2 Rfe7 22. Nc1 Na8 23. Nd3 Nb6 24. Nc5 Bc8 25. a4 Nc4 26.
Rxe7 Rxe7 27. Rb1 Kf7 28. a5 Rc7 29. Re1 Re7 30. Rxe7+ Kxe7 31. a6 bxa6 32.
Nxc6+ Kd6 33. Nxa7 Bf5 34. Nxa6 Bxc2 35. Nb5+ Ke5 36. Nb8 Bd3 37. Nd7+ Kf5
38. Nc5 Nb2 39. Nd4+ Ke5 40. Ke3 Bf1 41. f4+ Kf6 42. Kf2 Bc4 43. b5 1-0

[Event "21st Czech GM Open"]
[Site "Pardubice CZE"]
[Date "2010.07.25"]
[Round "3"]
[White "Haba,P"]
[Black "Plueg,A"]
[Result "1-0"]
[WhiteElo "2512"]
[BlackElo "2303"]
[EventDate "2010.07.23"]

1. d4 Nf6 2. c4 g6 3. Nc3 Bg7 4. e4 d6 5. f3 O-O 6. Be3 e5 7. d5 Nbd7 8.
Qd2 a6 9. Nh3 Nc5 10. Nf2 Bd7 11. g4 Ne8 12. O-O-O Na4 13. Nxa4 Bxa4 14.
Re1 Bd7 15. h4 f5 16. gxf5 gxf5 17. exf5 Bxf5 18. h5 c6 19. Bh3 Qd7 20.
Bxf5 Qxf5 21. Ne4 Kh8 22. Bg5 Rf7 23. h6 Bf8 24. Rhg1 Rc8 25. Kb1 b5 26.
cxb5 cxb5 27. Rg3 Nf6 28. Bxf6+ Rxf6 29. Rg5 Bxh6 30. Rxf5 Bxd2 31. Rxf6
Bxe1 32. Rf7 Bh4 33. Nxd6 Rd8 34. Nf5 Kg8 35. Rc7 Bg5 1-0

[Event "21st Czech GM Open"]
[Site "Pardubice CZE"]
[Date "2010.07.25"]
[Round "3"]
[White "Lalith,B"]
[Black "Galburd,Y"]
[Result "1/2-1/2"]
[WhiteElo "2502"]
[BlackElo "2301"]
[EventDate "2010.07.23"]

1. Nf3 g6 2. c4 Bg7 3. d4 d6 4. e4 Bg4 5. Be2 Nc6 6. Be3 e5 7. d5 Bxf3 8.
Bxf3 Nd4 9. Nc3 c5 10. dxc6 bxc6 11. Bxd4 exd4 12. Ne2 Ne7 13. O-O c5 14.
e5 Rb8 15. exd6 Qxd6 16. Nc1 O-O 17. Nd3 Nc8 18. Qa4 Nb6 19. Qa6 Qc7 20.
Rfe1 Rfe8 21. b3 Bf8 22. g3 Bd6 23. Qa5 Kg7 24. Qd2 Nd7 25. Bg2 Nf6 26.
Rac1 Rxe1+ 27. Qxe1 Re8 28. Qd2 Nd7 29. Qc2 Ne5 30. Nf4 Ng4 31. Nd5 Qd8 32.
b4 Nf6 33. bxc5 Bxc5 34. Nf4 Qd6 35. Nd3 Re7 36. Rb1 a6 37. Qb2 Ng4 38. Rd1
Ba7 39. Qb4 Qxb4 40. Nxb4 Ne5 41. Bd5 a5 42. Na6 Nd7 43. Rb1 Nc5 44. Nb8
Bxb8 45. Rxb8 d3 46. Rd8 Re1+ 47. Kg2 Rc1 48. Bc6 Rxc4 49. Bb5 Rc2 50. a4
Ne4 51. Rxd3 Nxf2 52. Re3 Nd1+ 53. Re2 Rxe2+ 54. Bxe2 Nc3 55. Bb5 Kf6 56.
Bc6 Ke5 57. Kf3 f5 58. h4 h6 59. Be8 g5 60. hxg5 hxg5 61. Bd7 Ne4 62. Bc6
Nc5 63. Ke3 Ne4 64. Kf3 Nf6 65. Ke3 Nh5 66. Kf3 Ng7 67. Bd7 Ne6 68. Ke3 Nc7
69. Kf3 Nd5 70. Bc6 Nc7 71. Bd7 Na6 72. Bc6 Nc5 73. Ke3 Ne4 74. Kf3 g4+ 75.
Kg2 Nf6 76. Kf2 f4 77. gxf4+ Kxf4 78. Kg2 Ng8 79. Kf2 Ne7 80. Bd7 g3+ 81.
Kg2 Ng6 82. Bc6 Nh4+ 83. Kh3 Nf5 84. Kg2 Ne3+ 85. Kh3 Nd1 86. Kg2 Nc3 87.
Bd7 Ne2 88. Bc6 Ke3 89. Bb5 Nc3 90. Kxg3 Kd4 91. Kf3 Kc5 92. Ke3 Nxb5 93.
axb5 1/2-1/2

[Event "21st Czech GM Open"]
[Site "Pardubice CZE"]
[Date "2010.07.25"]
[Round "3"]
[White "Bryzgalin,K"]
[Black "Charochkina,D"]
[Result "1-0"]
[WhiteElo "2499"]
[BlackElo "2298"]
[EventDate "2010.07.23"]

1. d4 Nf6 2. c4 g6 3. Nc3 d5 4. Nf3 Bg7 5. e3 O-O 6. b4 c6 7. Be2 a5 8. b5
dxc4 9. Bxc4 Qc7 10. bxc6 Qxc6 11. Qa4 Bg4 12. Qxc6 Nxc6 13. Bd2 Bxf3 14.
gxf3 e5 15. d5 Ne7 16. Ke2 Rfd8 17. Rhc1 Nfxd5 18. Nxd5 Nxd5 19. Rab1 Rd7
20. Bxd5 Rxd5 21. Rxb7 Bf8 22. Rcc7 Rad8 23. Rc2 a4 24. Ra7 a3 25. Rb7 Rc5
26. Rxc5 Bxc5 27. Rb5 Bf8 28. Bc3 f6 29. Rb7 Bc5 30. h3 Rd6 31. Rc7 Bb6 32.
Rc4 Rd5 33. Ra4 f5 34. Rxa3 f4 35. e4 Rc5 36. Kd3 Kf7 37. Ra6 Bd8 38. a4
Bh4 39. Ra7+ Ke6 40. Rxh7 Bxf2 41. Rg7 Kf6 42. Rd7 Ke6 43. Rd8 Bh4 44. Re8+
Kd7 45. Rg8 Bd8 46. Rg7+ Ke8 47. Rxg6 Ba5 48. Bb2 Kf7 49. Rd6 Bb4 50. Rd5
1-0

[Event "21st Czech GM Open"]
[Site "Pardubice CZE"]
[Date "2010.07.25"]
[Round "3"]
[White "Hirneise,J"]
[Black "Gavrilov,Al1"]
[Result "0-1"]
[WhiteElo "2276"]
[BlackElo "2493"]
[EventDate "2010.07.23"]

1. e4 e6 2. d4 d5 3. Nd2 c5 4. exd5 exd5 5. Bb5+ Bd7 6. Qe2+ Be7 7. Ngf3
Nf6 8. dxc5 O-O 9. Nb3 Re8 10. Be3 a6 11. Bd3 Ba4 12. Nfd4 Nbd7 13. O-O-O
Bxb3 14. Nxb3 Nxc5 15. Qf3 Qc7 16. Kb1 Nce4 17. g4 Bd6 18. Bd4 Be5 19. c3
Bxd4 20. Nxd4 Qe5 21. Qg2 Nd6 22. f3 Nc4 23. Bxc4 dxc4 24. Qg3 h5 25. g5
Nd5 26. Rde1 Qf4 27. Qxf4 Nxf4 28. h4 Nd3 29. Ref1 Re3 30. Kc2 Rae8 31.
Rhg1 Nf4 32. Kd2 Kh7 33. b3 Rd3+ 34. Kc2 Ree3 35. Kb2 Rd2+ 0-1

[Event "21st Czech GM Open"]
[Site "Pardubice CZE"]
[Date "2010.07.25"]
[Round "3"]
[White "Kanovsky,D"]
[Black "Wiley,To"]
[Result "1-0"]
[WhiteElo "2492"]
[BlackElo "2295"]
[EventDate "2010.07.23"]

1. e4 e6 2. d4 d5 3. Nd2 Be7 4. Ngf3 Nf6 5. Bd3 c5 6. c3 Nc6 7. dxc5 dxe4
8. Nxe4 Nxe4 9. Bxe4 Qxd1+ 10. Kxd1 Bxc5 11. Ke2 O-O 12. Rd1 f6 13. Be3 Be7
14. Bxc6 bxc6 15. Nd4 Bd7 16. Nf5 exf5 17. Rxd7 Rfe8 18. Kf3 a5 19. Rad1 a4
20. Rc7 Ra6 21. Rdd7 Bf8 22. g3 Rb8 23. Bd4 Raa8 24. c4 a3 25. b3 Rd8 26.
c5 Rxd7 27. Rxd7 Ra5 28. b4 Rb5 29. Bc3 g6 30. Ke2 1-0

[Event "21st Czech GM Open"]
[Site "Pardubice CZE"]
[Date "2010.07.25"]
[Round "3"]
[White "Sriram,J"]
[Black "Nakar,Ey"]
[Result "1-0"]
[WhiteElo "2490"]
[BlackElo "2287"]
[EventDate "2010.07.23"]

1. d4 Nf6 2. c4 g6 3. Nc3 Bg7 4. e4 d6 5. f3 O-O 6. Be3 e5 7. Nge2 c6 8.
Qd2 exd4 9. Nxd4 d5 10. cxd5 cxd5 11. e5 Ne8 12. f4 f6 13. exf6 Nxf6 14.
O-O-O Ng4 15. Bb5 Bh8 16. Bg1 Qd6 17. h3 Nf6 18. Nb3 Na6 19. Bd4 Bf5 20. g4
Be4 21. g5 Bxh1 22. gxf6 Bxf6 23. Rxh1 Bxd4 24. Qxd4 Qf6 25. Bxa6 Qxd4 26.
Nxd4 bxa6 27. Rf1 Rab8 28. b3 Rb4 29. Nce2 Rb7 30. Kd2 Re7 31. Rc1 Rf6 32.
Rc8+ Kg7 33. Rd8 Rff7 34. Rd6 Rf6 35. Rxd5 Rff7 36. Ra5 Rf6 37. Kd3 h6 38.
h4 Rd6 39. Re5 Kf7 40. Ke4 Rb6 41. Nc3 Rd6 42. Rxe7+ Kxe7 43. Ke5 Rd7 44.
f5 gxf5 45. Nxf5+ Kf8 46. Nxh6 Rd2 47. Nf5 Rc2 48. Kd4 Rf2 49. Ke4 Rc2 50.
Kd3 Rf2 51. Nd4 Ke8 52. Nce2 Rf1 53. h5 Rh1 54. Ng3 Ra1 55. a4 Kf7 56. Kc4
Kf6 57. Kb4 Ke5 58. h6 1-0

[Event "21st Czech GM Open"]
[Site "Pardubice CZE"]
[Date "2010.07.25"]
[Round "3"]
[White "Korstin,M"]
[Black "Adhiban,B"]
[Result "0-1"]
[WhiteElo "2266"]
[BlackElo "2483"]
[EventDate "2010.07.23"]

1. g3 d5 2. Bg2 Nf6 3. Nf3 c6 4. O-O Bg4 5. d3 Nbd7 6. Nbd2 e5 7. c3 Bd6 8.
Qc2 O-O 9. e4 Re8 10. Re1 a5 11. Nf1 Nc5 12. h3 Bh5 13. Nh4 Bf8 14. Bg5
dxe4 15. dxe4 Qd3 16. Rac1 Nfd7 17. g4 Bg6 18. Nxg6 hxg6 19. Red1 Qxc2 20.
Rxc2 Nf6 21. Ng3 Ne6 22. Be3 Bc5 23. Bxc5 Nxc5 24. Rcd2 Kf8 25. Kf1 g5 26.
Rd6 Na4 27. R1d2 Nb6 28. b3 a4 29. Bf3 axb3 30. axb3 Nc8 31. R6d3 g6 32.
Kg2 Nb6 33. Bd1 Ke7 34. Kf3 Rh8 35. Kg2 Ra3 36. Rb2 Rd8 37. Rxd8 Kxd8 38.
f3 Nfd7 39. Kf2 Nc5 40. Ke3 Ke7 41. Ne2 Ra1 42. Rd2 Rb1 43. Bc2 Nxb3 44.
Bxb3 Rxb3 45. Kd3 Rb1 46. Ra2 Rf1 47. Ra7 Rxf3+ 48. Kc2 Rxh3 49. Rxb7+ Nd7
50. Nc1 Rg3 51. Nd3 Ke6 52. Ra7 Rg2+ 53. Kb3 Rg3 54. Kc2 Rxg4 55. Rxd7 Rg2+
0-1

[Event "21st Czech GM Open"]
[Site "Pardubice CZE"]
[Date "2010.07.25"]
[Round "3"]
[White "Iskusnyh,S"]
[Black "Gomes,Mary"]
[Result "0-1"]
[WhiteElo "2480"]
[BlackElo "2284"]
[EventDate "2010.07.23"]

1. d4 Nf6 2. c4 e6 3. g3 c5 4. d5 exd5 5. cxd5 d6 6. Nf3 Be7 7. Nc3 O-O 8.
Bg2 Nbd7 9. O-O Rb8 10. a4 a6 11. h3 b5 12. axb5 axb5 13. b4 Ne5 14. Nd2
Qb6 15. bxc5 Qxc5 16. Nce4 Qd4 17. Nxf6+ Bxf6 18. Rb1 Bf5 19. e4 Bd7 20.
Bb2 Qd3 21. f4 Ng4 22. Bxf6 Nxf6 23. Kh2 Rfe8 24. Re1 b4 25. Rc1 Bb5 26.
Nb1 Nxe4 27. Qf3 Qxf3 28. Bxf3 Nc5 29. Nd2 Rxe1 30. Rxe1 b3 31. Rb1 Bd3 32.
Re1 b2 33. Nb1 Bxb1 34. Rxb1 Na4 0-1

[Event "21st Czech GM Open"]
[Site "Pardubice CZE"]
[Date "2010.07.25"]
[Round "3"]
[White "Michalik,P"]
[Black "Lavendelis,E"]
[Result "1/2-1/2"]
[WhiteElo "2453"]
[BlackElo "2282"]
[EventDate "2010.07.23"]

1. d4 Nf6 2. c4 g6 3. g3 Bg7 4. Bg2 d5 5. cxd5 Nxd5 6. Nc3 Nb6 7. Nf3 Nc6
8. e3 O-O 9. O-O e5 10. d5 Na5 11. e4 c6 12. b3 cxd5 13. exd5 e4 14. Nd4
Nxd5 15. Nxe4 f5 16. Bg5 Qb6 17. Nb5 fxe4 18. Qxd5+ Be6 19. Qd6 Bxa1 20.
Qxb6 axb6 21. Nc7 Be5 22. Nxe6 Rfe8 23. Nf4 Bd4 24. Nd5 h6 25. Bf6 Be5 26.
Bxe4 Kf7 27. Bxe5 Rxe5 28. Re1 Rae8 29. f3 b5 30. Kf2 Nc6 31. Nf4 Kg7 32.
Rd1 g5 33. Nh5+ Kf7 34. Rd6 Ra8 35. Rd2 Nb4 36. Bb1 Rd5 37. Re2 Rd1 38. Rb2
Nd3+ 39. Bxd3 Rxd3 40. g4 Rd6 41. Rc2 Rad8 42. Rc7+ R8d7 43. Rc8 Re6 44.
Rc2 Rc6 45. Re2 Rdc7 46. Kg3 Rc2 47. Re5 Rxa2 48. h4 gxh4+ 49. Kxh4 Rc3 50.
Rxb5 Rxf3 51. Rxb7+ Kf8 52. g5 hxg5+ 53. Kxg5 Rg2+ 54. Kh6 Rf5 55. Rb8+ Ke7
56. Rb7+ Kd6 57. Rb6+ Ke7 58. Rb7+ Kd8 59. Ng7 Rf6+ 60. Kh7 Rf3 61. Kg8 Kc8
62. Rf7 Rxb3 63. Re7 Kd8 64. Ra7 Re3 65. Ra8+ Kc7 66. Ra7+ Kb6 67. Rf7 Kc6
68. Ra7 Rc3 69. Kf7 Rf3+ 70. Kg8 Rd3 71. Ra6+ Kb7 72. Rf6 Rd7 73. Rf7 Kc8
74. Rxd7 Kxd7 75. Kf7 Rf2+ 76. Kg6 Kd6 77. Nf5+ Ke5 78. Ne3 Rf6+ 79. Kg5
Rf8 80. Ng4+ Ke6 81. Ne3 Rf3 82. Ng4 Rf5+ 83. Kh4 Ra5 84. Kg3 Kf5 85. Kf3
Ra3+ 86. Ne3+ Ke5 87. Ke2 Ke4 88. Nc2 Rh3 89. Kd2 Kd5 90. Ke2 Kc4 91. Ne3+
Kd4 92. Nc2+ Ke4 93. Kd2 Rd3+ 94. Ke2 Rd8 95. Ne1 Rh8 96. Kd2 Rh2+ 97. Kc3
Rh3+ 98. Kd2 Kd4 99. Nc2+ 1/2-1/2

[Event "21st Czech GM Open"]
[Site "Pardubice CZE"]
[Date "2010.07.25"]
[Round "3"]
[White "Jeitz,C"]
[Black "Manik,M"]
[Result "1/2-1/2"]
[WhiteElo "2261"]
[BlackElo "2441"]
[EventDate "2010.07.23"]

1. e4 c5 2. Nf3 d6 3. Bb5+ Nc6 4. O-O Bd7 5. Re1 Nf6 6. c3 a6 7. Ba4 b5 8.
Bc2 Bg4 9. h3 Bxf3 10. Qxf3 g6 11. d3 Bg7 12. Be3 Nd7 13. Qd1 Nb6 14. Qc1
O-O 15. Bh6 Rc8 16. Bxg7 Kxg7 17. Nd2 a5 18. a4 b4 19. Bb3 e6 20. Nc4 Qc7
1/2-1/2